[Event "SVK-chT3A2 0910"]
[Site "Slovakia"]
[Date "2009.11.15"]
[Round "3.8"]
[White "Steinecker, Frantisek"]
[Black "Cisar, Marian"]
[Result "0-1"]
[WhiteElo "1712"]
[BlackElo "1683"]
[PlyCount "136"]
[EventDate "2009.10.18"]
[EventType "team-tourn"]
[EventRounds "11"]
[EventCountry "SVK"]
[SourceTitle "EXT 2011"]
[Source "ChessBase"]
[SourceDate "2010.11.26"]
[SourceVersion "1"]
[SourceVersionDate "2010.11.26"]
[SourceQuality "1"]
[WhiteTeam "Trnava III"]
[BlackTeam "Cifer"]
[WhiteTeamCountry "SVK"]
[BlackTeamCountry "SVK"]

1. e4 c5 2. Nf3 Nc6 3. Nc3 g6 4. Bc4 Bg7 5. d3 Nf6 6. Be3 d6 7. a3 0-0 8. Qd2 Bd7 9. Nh4 e6 10. Bg5 a6 11. 0-0-0 b5 12. Ba2 b4 13. Nb1 a5 14. a4 Qb6 15. Nf3 Ng4 16. h3 Nge5 17. Nxe5 Bxe5 18. f4 Bd4 19. Bh6 Rfe8 20. g4 c4 21. f5 b3 22. Bxb3 cxb3 23. c3 Rac8 24. Rhf1 Ne5 25. Rh1 Bxa4 26. Rdf1 Bb5 27. fxe6 fxe6 28. Kd1 Bxd3 29. Rf6 Bc2+ 30. Ke2 Qb5+ 31. Ke1 Nd3+ 32. Ke2 Bxf6 33. Na3 Nf4+ 34. Kf3 Qe2+ 35. Qxe2 Nxe2 36. Kxe2 Bxe4 37. Rf1 Bg7 38. Bxg7 Kxg7 39. Nb5 Rf8 40. Ra1 d5 41. Nd4 Kf6 42. Rxa5 Ra8 43. Rc5 Ra2 44. Rc6 Rxb2+ 45. Ke3 Re8 46. h4 Rh2 47. g5+ Kf7 48. Nxb3 Rh3+ 49. Kd4 Rd3+ 50. Ke5 Rh3 51. Nd4 Bf5 52. Nb5 Rxh4 53. Rc7+ Kf8 54. Nd6 Re7 55. Rc8+ Kg7 56. Ne8+ Rxe8 57. Rxe8 d4 58. cxd4 Re4+ 59. Kd6 Rxd4+ 60. Ke5 Rd5+ 61. Kf4 e5+ 62. Ke3 Rd3+ 63. Kf2 e4 64. Re7+ Kg8 65. Ke2 Bg4+ 66. Kf2 e3+ 67. Kg3 Bh5 68. Kg2 e2 0-1